<?xml version="1.0" encoding="UTF-8"?><?xml-stylesheet type="text/xsl" href="static/style.xsl"?><OAI-PMH xmlns="http://www.openarchives.org/OAI/2.0/" xmlns:xsi="http://www.w3.org/2001/XMLSchema-instance" xsi:schemaLocation="http://www.openarchives.org/OAI/2.0/ http://www.openarchives.org/OAI/2.0/OAI-PMH.xsd"><responseDate>2026-04-13T02:12:04Z</responseDate><request verb="GetRecord" identifier="oai:www.recercat.cat:10459.1/70659" metadataPrefix="marc">https://recercat.cat/oai/request</request><GetRecord><record><header><identifier>oai:recercat.cat:10459.1/70659</identifier><datestamp>2024-12-05T21:42:18Z</datestamp><setSpec>com_2072_3622</setSpec><setSpec>col_2072_479130</setSpec></header><metadata><record xmlns="http://www.loc.gov/MARC21/slim" xmlns:dcterms="http://purl.org/dc/terms/" xmlns:xsi="http://www.w3.org/2001/XMLSchema-instance" xmlns:doc="http://www.lyncode.com/xoai" xsi:schemaLocation="http://www.loc.gov/MARC21/slim http://www.loc.gov/standards/marcxml/schema/MARC21slim.xsd">
   <leader>00925njm 22002777a 4500</leader>
   <datafield ind2=" " ind1=" " tag="042">
      <subfield code="a">dc</subfield>
   </datafield>
   <datafield ind2=" " ind1=" " tag="720">
      <subfield code="a">Torra-Bou, Joan Enric</subfield>
      <subfield code="e">author</subfield>
   </datafield>
   <datafield ind2=" " ind1=" " tag="720">
      <subfield code="a">Pérez-Acevedo, Gemma</subfield>
      <subfield code="e">author</subfield>
   </datafield>
   <datafield ind2=" " ind1=" " tag="720">
      <subfield code="a">Bosch-Alcaraz, Alejandro</subfield>
      <subfield code="e">author</subfield>
   </datafield>
   <datafield ind2=" " ind1=" " tag="720">
      <subfield code="a">García-Fernández, Francisco P.</subfield>
      <subfield code="e">author</subfield>
   </datafield>
   <datafield ind2=" " ind1=" " tag="720">
      <subfield code="a">Sarabia-Lavín, Raquel</subfield>
      <subfield code="e">author</subfield>
   </datafield>
   <datafield ind2=" " ind1=" " tag="720">
      <subfield code="a">Soldevilla Ágreda, J. Javier</subfield>
      <subfield code="e">author</subfield>
   </datafield>
   <datafield ind2=" " ind1=" " tag="720">
      <subfield code="a">Verdú-Soriano, José</subfield>
      <subfield code="e">author</subfield>
   </datafield>
   <datafield ind2=" " ind1=" " tag="260">
      <subfield code="c">2021-03-03T09:42:00Z</subfield>
   </datafield>
   <datafield ind2=" " ind1=" " tag="260">
      <subfield code="c">2021-03-03T09:42:00Z</subfield>
   </datafield>
   <datafield ind2=" " ind1=" " tag="260">
      <subfield code="c">2020-10-01</subfield>
   </datafield>
   <datafield ind2=" " ind1=" " tag="260">
      <subfield code="c">2021-03-03T09:42:00Z</subfield>
   </datafield>
   <datafield ind2=" " ind1=" " tag="520">
      <subfield code="a">Objetivos: Describir la incidencia de lesiones por presión (LPP) en pacientes pediátricos atendidos en unidades de críticos así como diferentes variables relacionadas con la metodología de su cálculo. Introducción: Las LPP constituyen un serio problema de salud con importantes repercusiones en los pacientes que las sufren. Las UCI pediátricas (UCIP) y neonatales (UCIN) atienden a pacientes en alto riesgo para el desarrollo de LPP. Existen pocos datos sistematizados acerca de la incidencia y variables definitorias de LPP en UCIP y UCIN. Métodos: Revisión sistemática de la literatura científica publicada entre el 1 de Enero de 2000 y el 31 de diciembre de 2016 incluyendo a artículos que reportaban datos sobre incidencia en UCIP o UCIN. Se han incluido trabajos reportando datos sobre LPP relacionadas con el apoyo, con o sin lesiones relacionadas con dispositivos sanitarios; se han excluido los artículos que incluían exclusivamente datos de lesiones relacionadas con dispositivos sanitarios. Resultados: La revisión sistemática ha permitido identificar 27 artículos con un total de 53 reportes de incidencia con información sobre 15 587 pacientes. En el caso de las UCIP, la mediana de la incidencia de lesiones por presión es del 19,4% en los trabajos prospectivos que no incluyen de manera implícita lesiones por presión relacionadas con dispositivos sanitarios y del 16,97% en los que incluyen a la vez lesiones relacionadas con dispositivos sanitarios y lesiones por presión por apoyo de los pacientes. En el caso de las UCIN encontramos unos valores del 3,9 y del 23.58% respectivamente. Conclusiones: Los resultados del presente trabajo permiten definir el alcance de la incidencia de las LPP en pacientes críticos pediátricos y resaltan aspectos relacionados con la metodología utilizada para su cálculo.</subfield>
   </datafield>
   <datafield ind2=" " ind1=" " tag="520">
      <subfield code="a">Aims:&#xd;
&#xd;
To describe the incidence and main characteristics of pressure injuries in pediatric patients in intensive care units and some variables related to the methodology for pressure injury incidence calculation.&#xd;
&#xd;
Background:&#xd;
&#xd;
Pressure injuries (PI) represent a serious health problem with major consequences&#xd;
&#xd;
for the patients affected. Neonatal and pediatric ICU (NICU) (PICU) care for patients at high risk of developing pressure injuries. There is a paucity of systematic data on the incidence and defining variables of injuries in PICU and NICU.&#xd;
&#xd;
Methods:&#xd;
&#xd;
We conducted a systematic review of the literature published between January 1, 2000 and December 31, 2016, including articles reporting data on the incidence of these injuries in PICU or NICU. We included studies reporting data on pressure injuries related to position, with or without injuries related to medical devices; we excluded studies which only reported data on pressure injuries related to medical devices.&#xd;
&#xd;
Findings:&#xd;
&#xd;
We identified 27 articles with a total of 53 reports on incidence and information on 15,587 patients. In the case of PICU, the mean incidence of PI was 19.4% in prospective studies that did not implicitly include PI related to medical devices, and 16.97% in those which included pressure injuries related both to medical devices and position. For NICU, we found values of 3.9% and 23.58% respectively.&#xd;
&#xd;
Conclusions:&#xd;
&#xd;
The results of this study shed light on the incidence of pressure injuries in pediatric intensive care patients and highlight aspects related to the methodology used for the calculation of PI incidence.</subfield>
   </datafield>
   <datafield ind1="8" ind2=" " tag="024">
      <subfield code="a">http://hdl.handle.net/10459.1/70659</subfield>
   </datafield>
   <datafield tag="653" ind2=" " ind1=" ">
      <subfield code="a">Ulceras por presión</subfield>
   </datafield>
   <datafield tag="653" ind2=" " ind1=" ">
      <subfield code="a">UCI Pediátrica</subfield>
   </datafield>
   <datafield tag="653" ind2=" " ind1=" ">
      <subfield code="a">UCI neonatal</subfield>
   </datafield>
   <datafield tag="653" ind2=" " ind1=" ">
      <subfield code="a">Epidemiología</subfield>
   </datafield>
   <datafield tag="653" ind2=" " ind1=" ">
      <subfield code="a">Incidencia</subfield>
   </datafield>
   <datafield ind2="0" ind1="0" tag="245">
      <subfield code="a">Incidencia de lesiones por presión en unidades de cuidados intensivos pediátricas y neonatales: revisión sistemática (2000-2016)</subfield>
   </datafield>
   <datafield ind2="0" ind1="0" tag="245">
      <subfield code="a">Pressure injury incidence in pediatric and neonatal intensive&#xd;
care units: Systematic review (2000-2016)</subfield>
   </datafield>
</record></metadata></record></GetRecord></OAI-PMH>